Statistics for Every Country Controlled by Humans

Click here to take the quiz!

General Stats

  • This quiz has been taken 17 times
    (11 since last reset)
  • The average score is 103 of 194

Answers on the Map

Answers color-coded by a green-red scale on the quiz's map according to % correct below.
 

Answer Stats

Country% Correct
Mexico
91%
United States
91%
Canada
82%
Netherlands
82%
Argentina
73%
Bolivia
73%
Brazil
73%
Chile
73%
Dominican Republic
73%
France
73%
Ireland
73%
Panama
73%
Paraguay
73%
United Kingdom
73%
Uruguay
73%
Andorra
64%
Antigua and Barbuda
64%
Austria
64%
Bahamas
64%
Barbados
64%
Belize
64%
Colombia
64%
Costa Rica
64%
Cuba
64%
Cyprus
64%
Denmark
64%
Dominica
64%
Ecuador
64%
El Salvador
64%
Germany
64%
Guatemala
64%
Guyana
64%
Haiti
64%
Honduras
64%
Iceland
64%
Italy
64%
Jamaica
64%
Liechtenstein
64%
Luxembourg
64%
Malta
64%
Moldova
64%
Monaco
64%
Nicaragua
64%
Peru
64%
Russia
64%
San Marino
64%
Slovakia
64%
Suriname
64%
Trinidad and Tobago
64%
Turkey
64%
Vatican City
64%
Venezuela
64%
Australia
55%
Bahrain
55%
Belarus
55%
Bulgaria
55%
Cape Verde
55%
Chad
55%
Croatia
55%
Czech Republic
55%
Democratic Republic
of the Congo
55%
East Timor
55%
Egypt
55%
Estonia
55%
Finland
55%
Greece
55%
Hungary
55%
India
55%
Japan
55%
Kenya
55%
Latvia
55%
Lithuania
55%
New Zealand
55%
Norway
55%
Poland
55%
Portugal
55%
Qatar
55%
Romania
55%
Saint Kitts and Nevis
55%
Saint Lucia
55%
Saint Vincent and the
Grenadines
55%
Singapore
55%
Slovenia
55%
South Africa
55%
Spain
55%
Sri Lanka
55%
Sweden
55%
Switzerland
55%
Taiwan
55%
Tanzania
55%
Ukraine
55%
Zimbabwe
55%
Afghanistan
45%
Albania
45%
Algeria
45%
Angola
45%
Armenia
45%
Azerbaijan
45%
Bangladesh
45%
Benin
45%
Bhutan
45%
Bosnia and
Herzegovina
45%
Botswana
45%
Brunei
45%
Burkina Faso
45%
Burundi
45%
Cambodia
45%
Cameroon
45%
Central African Republic
45%
China
45%
Djibouti
45%
Equatorial Guinea
45%
Eritrea
45%
Eswatini
45%
Ethiopia
45%
Fiji
45%
Gabon
45%
Gambia
45%
Georgia
45%
Ghana
45%
Grenada
45%
Guinea
45%
Guinea-Bissau
45%
Indonesia
45%
Iran
45%
Iraq
45%
Israel
45%
Ivory Coast
45%
Jordan
45%
Kazakhstan
45%
Kosovo
45%
Kuwait
45%
Kyrgyzstan
45%
Laos
45%
Lebanon
45%
Lesotho
45%
Liberia
45%
Libya
45%
Madagascar
45%
Malawi
45%
Malaysia
45%
Maldives
45%
Mali
45%
Mauritania
45%
Mauritius
45%
Mongolia
45%
Montenegro
45%
Morocco
45%
Mozambique
45%
Myanmar
45%
Namibia
45%
Nauru
45%
Nepal
45%
Niger
45%
Nigeria
45%
North Korea
45%
North Macedonia
45%
Oman
45%
Pakistan
45%
Palau
45%
Papua New Guinea
45%
Philippines
45%
Republic of the Congo
45%
Rwanda
45%
São Tomé and Príncipe
45%
Saudi Arabia
45%
Senegal
45%
Seychelles
45%
Sierra Leone
45%
Solomon Islands
45%
Somalia
45%
South Korea
45%
South Sudan
45%
Sudan
45%
Syria
45%
Tajikistan
45%
Thailand
45%
Togo
45%
Tunisia
45%
Turkmenistan
45%
Tuvalu
45%
Uganda
45%
United Arab Emirates
45%
Uzbekistan
45%
Vietnam
45%
Yemen
45%
Zambia
45%
Comoros
36%
Federated States of
Micronesia
36%
Kiribati
36%
Marshall Islands
36%
Samoa
36%
Tonga
36%
Vanuatu
36%

Score Distribution

Percentile by Number Answered

Percent of People with Each Score

Your Score History

You have not taken this quiz since the last reset